Classic Board Games - Statistics

General Stats
  • This quiz has been taken 39 times
  • The average score is 4 of 11
Answer Stats
Origin Answer % Correct
India-Arabia Chess
100%
Arabia-France Checkers
73%
America Monopoly
73%
America Scrabble
36%
Iraq-Turkey Backgammon
30%
India-England Ludo
21%
England Reversi
18%
India-England Snakes & Ladders
12%
India Carrom
9%
Germany-USA Chinese Checkers
9%
Egypt-Roman Emp.-England Tic-Tac-Toe
3%
No matching quizzes found
Score Distribution
Percent of People with Each Score
Percentile by Number Answered
Your Score History
You have not taken this quiz